[Event "DVM U20 2020"]
[Site "Willingen GER"]
[Date "2021.06.26"]
[Round "6"]
[White "Brockmeyer, Tobias"]
[Black "Fock, Sana"]
[Result "1/2-1/2"]
[Termination "normal"]
[Board "6.5"]
[WhiteElo "1890"]
[BlackElo "1821"]
[WhiteClock "00:15:08"]
[BlackClock "00:25:08"]
[WhiteTeam "SK Lehrte von 1919 e. V."]
[BlackTeam "SC Kreuzberg e.V."]
[PlyCount "43"]
[WhiteFideId "12982385"]
[BlackFideId "12981966"]
[EventCountry "GER"]
[EventRounds "7"]
[EventType "team-swiss"]
[EventDate "2021.06.23"]

1. d4 {[%clk 01:30:58]} {[%emt 00:00:02]} d5 {[%clk 01:30:55]} {[%emt
00:00:04]} 2. c4 {[%clk 01:31:25]} {[%emt 00:00:03]} e6 {[%clk 01:31:21]}
{[%emt 00:00:04]} 3. Nc3 {[%clk 01:31:52]} {[%emt 00:00:03]} Nf6 {[%clk
01:31:45]} {[%emt 00:00:05]} 4. cxd5 {[%clk 01:32:19]} {[%emt 00:00:03]} exd5
{[%clk 01:32:09]} {[%emt 00:00:07]} 5. Bg5 {[%clk 01:32:46]} {[%emt 00:00:04]}
Be7 {[%clk 01:32:16]} {[%emt 00:00:19]} 6. e3 {[%clk 01:33:12]} {[%emt
00:00:07]} c6 {[%clk 01:32:10]} {[%emt 00:00:35]} 7. Bd3 {[%clk 01:33:36]}
{[%emt 00:00:05]} Nbd7 {[%clk 01:31:47]} {[%emt 00:00:53]} 8. Nge2 {[%clk
01:32:52]} {[%emt 00:01:14]} Nh5 {[%clk 01:30:03]} {[%emt 00:02:16]} 9. Bxe7
{[%clk 01:31:16]} {[%emt 00:02:06]} Qxe7 {[%clk 01:30:26]} {[%emt 00:00:07]}
10. Qc2 {[%clk 01:27:54]} {[%emt 00:03:51]} g6 {[%clk 01:29:35]} {[%emt
00:01:21]} 11. O-O {[%clk 01:25:20]} {[%emt 00:03:05]} Ng7 {[%clk 01:25:09]}
{[%emt 00:04:56]} 12. Rab1 {[%clk 01:12:39]} {[%emt 00:13:11]} Nb6 {[%clk
01:16:31]} {[%emt 00:09:09]} 13. Ng3 {[%clk 01:07:35]} {[%emt 00:05:33]} O-O
{[%clk 01:11:09]} {[%emt 00:05:51]} 14. Na4 {[%clk 01:02:53]} {[%emt 00:05:13]}
Nxa4 {[%clk 01:01:52]} {[%emt 00:09:47]} 15. Qxa4 {[%clk 01:02:30]} {[%emt
00:00:53]} h5 {[%clk 01:01:27]} {[%emt 00:00:55]} 16. b4 {[%clk 00:59:22]}
{[%emt 00:03:38]} h4 {[%clk 00:57:47]} {[%emt 00:04:10]} 17. Ne2 {[%clk
00:59:39]} {[%emt 00:00:13]} Nf5 {[%clk 00:53:47]} {[%emt 00:04:29]} 18. Qb3
{[%clk 00:54:14]} {[%emt 00:05:55]} Qg5 {[%clk 00:46:00]} {[%emt 00:08:17]} 19.
Kh1 {[%clk 00:33:59]} {[%emt 00:20:45]} a6 {[%clk 00:34:12]} {[%emt 00:12:19]}
20. a4 {[%clk 00:28:48]} {[%emt 00:05:41]} Nd6 {[%clk 00:30:19]} {[%emt
00:04:23]} 21. Rbc1 {[%clk 00:20:41]} {[%emt 00:08:36]} Kg7 {[%clk 00:25:08]}
{[%emt 00:05:41]} 22. Nf4 {[%clk 00:15:08]} {[%emt 00:06:03]} 1/2-1/2

[Event "DVM U20 2020"]
[Site "Willingen GER"]
[Date "2021.06.26"]
[Round "6"]
[White "Boldt, Timo"]
[Black "Niemann, Leon"]
[Result "0-1"]
[Termination "normal"]
[Board "6.6"]
[WhiteElo "1648"]
[BlackElo "1838"]
[WhiteClock "00:43:57"]
[BlackClock "00:01:21"]
[WhiteTeam "SC Kreuzberg e.V."]
[BlackTeam "SK Lehrte von 1919 e. V."]
[PlyCount "111"]
[WhiteFideId "12974854"]
[BlackFideId "16218388"]
[EventCountry "GER"]
[EventRounds "7"]
[EventType "team-swiss"]
[EventDate "2021.06.23"]

1. c4 {[%clk 01:30:58]} {[%emt 00:00:02]} Nf6 {[%clk 01:30:56]} {[%emt
00:00:04]} 2. Nc3 {[%clk 01:30:27]} {[%emt 00:01:01]} c5 {[%clk 01:31:20]}
{[%emt 00:00:06]} 3. e4 {[%clk 01:30:29]} {[%emt 00:00:28]} Nc6 {[%clk
01:31:39]} {[%emt 00:00:12]} 4. g3 {[%clk 01:29:51]} {[%emt 00:01:07]} g6
{[%clk 01:31:19]} {[%emt 00:00:50]} 5. Bg2 {[%clk 01:29:50]} {[%emt 00:00:29]}
Bg7 {[%clk 01:31:43]} {[%emt 00:00:08]} 6. Nge2 {[%clk 01:29:38]} {[%emt
00:00:41]} O-O {[%clk 01:32:03]} {[%emt 00:00:11]} 7. O-O {[%clk 01:29:37]}
{[%emt 00:00:31]} Ne8 {[%clk 01:32:12]} {[%emt 00:00:22]} 8. f4 {[%clk
01:26:31]} {[%emt 00:03:35]} d6 {[%clk 01:31:29]} {[%emt 00:01:13]} 9. d3
{[%clk 01:26:20]} {[%emt 00:00:40]} Nc7 {[%clk 01:31:52]} {[%emt 00:00:08]} 10.
Be3 {[%clk 01:25:14]} {[%emt 00:01:35]} Ne6 {[%clk 01:32:13]} {[%emt 00:00:10]}
11. Qd2 {[%clk 01:24:12]} {[%emt 00:01:32]} Ned4 {[%clk 01:32:23]} {[%emt
00:00:19]} 12. h3 {[%clk 01:22:27]} {[%emt 00:02:15]} Rb8 {[%clk 01:30:40]}
{[%emt 00:02:14]} 13. Rab1 {[%clk 01:20:58]} {[%emt 00:01:59]} a6 {[%clk
01:27:28]} {[%emt 00:03:43]} 14. a4 {[%clk 01:14:31]} {[%emt 00:06:57]} b5
{[%clk 01:23:59]} {[%emt 00:03:58]} 15. axb5 {[%clk 01:13:39]} {[%emt
00:01:22]} axb5 {[%clk 01:24:18]} {[%emt 00:00:11]} 16. b3 {[%clk 01:12:35]}
{[%emt 00:01:33]} Qa5 {[%clk 01:20:58]} {[%emt 00:03:51]} 17. cxb5 {[%clk
01:02:43]} {[%emt 00:10:21]} Nxb5 {[%clk 01:16:17]} {[%emt 00:05:12]} 18. Nxb5
{[%clk 01:02:37]} {[%emt 00:00:35]} Qxb5 {[%clk 01:13:33]} {[%emt 00:03:15]}
19. d4 {[%clk 01:01:27]} {[%emt 00:01:40]} cxd4 {[%clk 01:12:40]} {[%emt
00:01:23]} 20. Nxd4 {[%clk 01:01:43]} {[%emt 00:00:14]} Nxd4 {[%clk 01:12:20]}
{[%emt 00:00:49]} 21. Bxd4 {[%clk 01:02:09]} {[%emt 00:00:03]} Bxd4+ {[%clk
01:05:27]} {[%emt 00:07:24]} 22. Qxd4 {[%clk 01:02:08]} {[%emt 00:00:31]} Be6
{[%clk 00:59:17]} {[%emt 00:06:40]} 23. b4 {[%clk 00:59:44]} {[%emt 00:02:54]}
Rfc8 {[%clk 00:56:22]} {[%emt 00:03:25]} 24. Qa7 {[%clk 00:51:35]} {[%emt
00:08:39]} Rb7 {[%clk 00:43:38]} {[%emt 00:13:14]} 25. Qa5 {[%clk 00:51:48]}
{[%emt 00:00:18]} Rcb8 {[%clk 00:42:10]} {[%emt 00:01:58]} 26. Qxb5 {[%clk
00:49:01]} {[%emt 00:03:16]} Rxb5 {[%clk 00:42:32]} {[%emt 00:00:09]} 27. Rfc1
{[%clk 00:49:10]} {[%emt 00:00:19]} Rxb4 {[%clk 00:37:27]} {[%emt 00:05:36]}
28. Rxb4 {[%clk 00:49:27]} {[%emt 00:00:12]} Rxb4 {[%clk 00:37:56]} {[%emt
00:00:02]} 29. Rc7 {[%clk 00:49:50]} {[%emt 00:00:07]} Kf8 {[%clk 00:38:17]}
{[%emt 00:00:09]} 30. Kf2 {[%clk 00:48:21]} {[%emt 00:01:59]} f5 {[%clk
00:29:51]} {[%emt 00:08:56]} 31. exf5 {[%clk 00:48:04]} {[%emt 00:00:47]} Bxf5
{[%clk 00:29:41]} {[%emt 00:00:41]} 32. Ra7 {[%clk 00:47:37]} {[%emt 00:00:57]}
Kf7 {[%clk 00:25:48]} {[%emt 00:04:22]} 33. Bd5+ {[%clk 00:47:23]} {[%emt
00:00:44]} Be6 {[%clk 00:25:47]} {[%emt 00:00:31]} 34. Bxe6+ {[%clk 00:47:12]}
{[%emt 00:00:41]} Kxe6 {[%clk 00:26:15]} {[%emt 00:00:02]} 35. Kf3 {[%clk
00:47:19]} {[%emt 00:00:23]} Rb3+ {[%clk 00:21:22]} {[%emt 00:05:23]} 36. Kf2
{[%clk 00:45:39]} {[%emt 00:02:09]} h5 {[%clk 00:18:01]} {[%emt 00:03:52]} 37.
h4 {[%clk 00:44:32]} {[%emt 00:01:37]} Kf6 {[%clk 00:15:58]} {[%emt 00:02:33]}
38. Ra6 {[%clk 00:43:54]} {[%emt 00:01:08]} Kf5 {[%clk 00:12:53]} {[%emt
00:03:35]} 39. Ra5+ {[%clk 00:43:52]} {[%emt 00:00:32]} e5 {[%clk 00:11:39]}
{[%emt 00:01:45]} 40. fxe5 {[%clk 00:44:02]} {[%emt 00:00:20]} dxe5 {[%clk
00:11:59]} {[%emt 00:00:10]} 41. Ra8 {[%clk 00:43:43]} {[%emt 00:00:48]} Kg4
{[%clk 00:10:25]} {[%emt 00:02:04]} 42. Rg8 {[%clk 00:43:43]} {[%emt 00:00:30]}
Rf3+ {[%clk 00:06:44]} {[%emt 00:04:11]} 43. Ke2 {[%clk 00:43:43]} {[%emt
00:00:30]} Rxg3 {[%clk 00:05:44]} {[%emt 00:01:30]} 44. Rxg6+ {[%clk 00:44:11]}
{[%emt 00:00:02]} Kxh4 {[%clk 00:06:07]} {[%emt 00:00:07]} 45. Re6 {[%clk
00:44:25]} {[%emt 00:00:16]} Rg5 {[%clk 00:06:33]} {[%emt 00:00:04]} 46. Kf3
{[%clk 00:44:34]} {[%emt 00:00:21]} Rf5+ {[%clk 00:05:58]} {[%emt 00:01:06]}
47. Ke4 {[%clk 00:44:43]} {[%emt 00:00:20]} Rf1 {[%clk 00:05:12]} {[%emt
00:01:16]} 48. Rg6 {[%clk 00:44:49]} {[%emt 00:00:24]} Re1+ {[%clk 00:04:00]}
{[%emt 00:01:43]} 49. Kf3 {[%clk 00:43:54]} {[%emt 00:01:25]} Ra1 {[%clk
00:03:41]} {[%emt 00:00:48]} 50. Rg2 {[%clk 00:43:27]} {[%emt 00:00:57]} Ra4
{[%clk 00:02:46]} {[%emt 00:01:25]} 51. Rg1 {[%clk 00:43:21]} {[%emt 00:00:35]}
Rf4+ {[%clk 00:02:36]} {[%emt 00:00:41]} 52. Ke3 {[%clk 00:43:36]} {[%emt
00:00:15]} Rg4 {[%clk 00:02:46]} {[%emt 00:00:20]} 53. Re1 {[%clk 00:43:22]}
{[%emt 00:00:44]} Kg5 {[%clk 00:02:21]} {[%emt 00:00:55]} 54. Kf3 {[%clk
00:43:32]} {[%emt 00:00:19]} Kf5 {[%clk 00:01:54]} {[%emt 00:00:57]} 55. Re2
{[%clk 00:43:49]} {[%emt 00:00:13]} Ra4 {[%clk 00:01:21]} {[%emt 00:01:04]} 56.
Rh2 {[%clk 00:43:57]} {[%emt 00:00:20]} 0-1

[Event "DVM U20 2020"]
[Site "Willingen GER"]
[Date "2021.06.26"]
[Round "6"]
[White "Küppers, Timo"]
[Black "Wendler, David"]
[Result "1-0"]
[Termination "normal"]
[Board "7.1"]
[WhiteTitle "FM"]
[WhiteElo "2287"]
[BlackElo "2295"]
[WhiteClock "00:17:14"]
[BlackClock "00:25:26"]
[WhiteTeam "Schachfreunde Essen-Katernberg"]
[BlackTeam "SK Bebenhausen 1992"]
[PlyCount "105"]
[WhiteFideId "16205820"]
[BlackFideId "12938360"]
[EventCountry "GER"]
[EventRounds "7"]
[EventType "team-swiss"]
[EventDate "2021.06.23"]

1. c4 {[%clk 01:30:23]} {[%emt 00:00:36]} c5 {[%clk 01:30:51]} {[%emt
00:00:09]} 2. g3 {[%clk 01:30:50]} {[%emt 00:00:04]} g6 {[%clk 01:31:05]}
{[%emt 00:00:15]} 3. Bg2 {[%clk 01:31:16]} {[%emt 00:00:04]} Bg7 {[%clk
01:31:19]} {[%emt 00:00:16]} 4. Nc3 {[%clk 01:31:39]} {[%emt 00:00:06]} Nc6
{[%clk 01:30:27]} {[%emt 00:01:22]} 5. a3 {[%clk 01:31:58]} {[%emt 00:00:12]}
e6 {[%clk 01:25:40]} {[%emt 00:05:17]} 6. e4 {[%clk 01:31:49]} {[%emt
00:00:40]} Nge7 {[%clk 01:24:46]} {[%emt 00:01:23]} 7. Nge2 {[%clk 01:31:19]}
{[%emt 00:01:01]} O-O {[%clk 01:22:09]} {[%emt 00:03:06]} 8. O-O {[%clk
01:30:55]} {[%emt 00:00:53]} d6 {[%clk 01:22:17]} {[%emt 00:00:23]} 9. Rb1
{[%clk 01:30:40]} {[%emt 00:00:46]} a5 {[%clk 01:22:16]} {[%emt 00:00:30]} 10.
d3 {[%clk 01:28:29]} {[%emt 00:02:40]} Rb8 {[%clk 01:16:54]} {[%emt 00:05:52]}
11. Be3 {[%clk 01:25:41]} {[%emt 00:03:19]} Nd4 {[%clk 01:16:31]} {[%emt
00:00:53]} 12. f4 {[%clk 01:07:50]} {[%emt 00:18:22]} Nec6 {[%clk 01:11:58]}
{[%emt 00:05:02]} 13. Kh1 {[%clk 01:04:07]} {[%emt 00:04:12]} f5 {[%clk
01:10:29]} {[%emt 00:02:00]} 14. Bg1 {[%clk 01:01:37]} {[%emt 00:03:00]} Bd7
{[%clk 01:10:38]} {[%emt 00:00:21]} 15. Nb5 {[%clk 00:50:05]} {[%emt 00:12:02]}
Nxb5 {[%clk 01:03:05]} {[%emt 00:08:03]} 16. cxb5 {[%clk 00:50:29]} {[%emt
00:00:06]} Nd4 {[%clk 01:02:40]} {[%emt 00:00:56]} 17. Nxd4 {[%clk 00:49:48]}
{[%emt 00:01:10]} cxd4 {[%clk 01:02:45]} {[%emt 00:00:25]} 18. a4 {[%clk
00:49:25]} {[%emt 00:00:54]} Qb6 {[%clk 00:57:15]} {[%emt 00:05:59]} 19. Rc1
{[%clk 00:48:23]} {[%emt 00:01:32]} Rbc8 {[%clk 00:56:27]} {[%emt 00:01:17]}
20. Qf3 {[%clk 00:43:09]} {[%emt 00:05:45]} Rxc1 {[%clk 00:56:13]} {[%emt
00:00:44]} 21. Rxc1 {[%clk 00:43:34]} {[%emt 00:00:05]} Rc8 {[%clk 00:56:22]}
{[%emt 00:00:21]} 22. Re1 {[%clk 00:29:25]} {[%emt 00:14:39]} Rc7 {[%clk
00:52:22]} {[%emt 00:04:29]} 23. exf5 {[%clk 00:23:47]} {[%emt 00:06:09]} gxf5
{[%clk 00:52:45]} {[%emt 00:00:07]} 24. g4 {[%clk 00:24:08]} {[%emt 00:00:09]}
Qc5 {[%clk 00:39:41]} {[%emt 00:13:34]} 25. gxf5 {[%clk 00:23:22]} {[%emt
00:01:16]} Qxf5 {[%clk 00:36:08]} {[%emt 00:04:03]} 26. Bh3 {[%clk 00:23:42]}
{[%emt 00:00:11]} Qf7 {[%clk 00:35:45]} {[%emt 00:00:52]} 27. Qe4 {[%clk
00:18:14]} {[%emt 00:05:58]} e5 {[%clk 00:32:28]} {[%emt 00:03:48]} 28. Bxd7
{[%clk 00:16:09]} {[%emt 00:02:34]} Rxd7 {[%clk 00:31:58]} {[%emt 00:01:00]}
29. fxe5 {[%clk 00:12:32]} {[%emt 00:04:07]} dxe5 {[%clk 00:31:22]} {[%emt
00:01:06]} 30. Rc1 {[%clk 00:12:48]} {[%emt 00:00:14]} Rc7 {[%clk 00:24:14]}
{[%emt 00:07:38]} 31. Rxc7 {[%clk 00:12:40]} {[%emt 00:00:38]} Qxc7 {[%clk
00:24:40]} {[%emt 00:00:04]} 32. Kg2 {[%clk 00:11:51]} {[%emt 00:01:19]} Qf7
{[%clk 00:20:28]} {[%emt 00:04:41]} 33. Bf2 {[%clk 00:11:31]} {[%emt 00:00:51]}
Qb3 {[%clk 00:17:54]} {[%emt 00:03:04]} 34. Qxb7 {[%clk 00:07:41]} {[%emt
00:04:20]} Qxd3 {[%clk 00:18:08]} {[%emt 00:00:17]} 35. Qa8+ {[%clk 00:08:03]}
{[%emt 00:00:07]} Kf7 {[%clk 00:18:25]} {[%emt 00:00:13]} 36. Qf3+ {[%clk
00:08:23]} {[%emt 00:00:10]} Qxf3+ {[%clk 00:18:45]} {[%emt 00:00:10]} 37. Kxf3
{[%clk 00:08:49]} {[%emt 00:00:04]} Ke6 {[%clk 00:18:06]} {[%emt 00:01:09]} 38.
Ke4 {[%clk 00:07:14]} {[%emt 00:02:06]} Bf8 {[%clk 00:07:10]} {[%emt 00:11:25]}
39. Be1 {[%clk 00:06:47]} {[%emt 00:00:57]} Bd6 {[%clk 00:07:28]} {[%emt
00:00:11]} 40. Bxa5 {[%clk 00:06:56]} {[%emt 00:00:22]} Kd7 {[%clk 00:06:28]}
{[%emt 00:01:30]} 41. Kd5 {[%clk 00:00:49]} {[%emt 00:06:36]} Bb8 {[%clk
00:02:37]} {[%emt 00:04:21]} 42. Be1 {[%clk 00:25:28]} {[%emt 00:05:52]} Kc7
{[%clk 00:26:55]} {[%emt 00:06:12]} 43. Kxe5 {[%clk 00:19:33]} {[%emt
00:06:24]} Kb7+ {[%clk 00:25:23]} {[%emt 00:02:02]} 44. Kxd4 {[%clk 00:19:58]}
{[%emt 00:00:06]} Bxh2 {[%clk 00:25:46]} {[%emt 00:00:08]} 45. Bf2 {[%clk
00:19:38]} {[%emt 00:00:49]} Bc7 {[%clk 00:25:38]} {[%emt 00:00:37]} 46. Kc4
{[%clk 00:18:18]} {[%emt 00:01:50]} h5 {[%clk 00:26:03]} {[%emt 00:00:06]} 47.
b6 {[%clk 00:18:38]} {[%emt 00:00:10]} Bd8 {[%clk 00:24:13]} {[%emt 00:02:19]}
48. Kb5 {[%clk 00:18:44]} {[%emt 00:00:25]} h4 {[%clk 00:24:38]} {[%emt
00:00:06]} 49. a5 {[%clk 00:18:46]} {[%emt 00:00:27]} h3 {[%clk 00:24:51]}
{[%emt 00:00:16]} 50. Bg3 {[%clk 00:17:05]} {[%emt 00:02:12]} Ka8 {[%clk
00:24:45]} {[%emt 00:00:36]} 51. Ka6 {[%clk 00:16:52]} {[%emt 00:00:42]} Bc7
{[%clk 00:25:03]} {[%emt 00:00:12]} 52. Bxc7 {[%clk 00:17:14]} {[%emt
00:00:09]} h2 {[%clk 00:25:26]} {[%emt 00:00:07]} 53. b7# {[%emt 00:00:03]} 1-0

[Event "DVM U20 2020"]
[Site "Willingen GER"]
[Date "2021.06.26"]
[Round "6"]
[White "Waffenschmidt, Lars"]
[Black "Irkilmez, Yakub"]
[Result "1-0"]
[Termination "normal"]
[Board "7.2"]
[WhiteElo "1896"]
[BlackElo "2167"]
[WhiteClock "00:08:43"]
[BlackClock "00:01:30"]
[WhiteTeam "SK Bebenhausen 1992"]
[BlackTeam "Schachfreunde Essen-Katernberg"]
[PlyCount "51"]
[WhiteFideId "16244656"]
[BlackFideId "16204581"]
[EventCountry "GER"]
[EventRounds "7"]
[EventType "team-swiss"]
[EventDate "2021.06.23"]

1. e4 {[%clk 01:30:54]} {[%emt 00:00:05]} e6 {[%clk 01:30:56]} {[%emt
00:00:05]} 2. d4 {[%clk 01:31:12]} {[%emt 00:00:11]} d5 {[%clk 01:30:56]}
{[%emt 00:00:30]} 3. Nd2 {[%clk 01:31:32]} {[%emt 00:00:10]} a6 {[%clk
01:31:07]} {[%emt 00:00:19]} 4. Bd3 {[%clk 01:22:14]} {[%emt 00:09:48]} c5
{[%clk 01:30:45]} {[%emt 00:00:53]} 5. dxc5 {[%clk 01:17:29]} {[%emt 00:05:16]}
Bxc5 {[%clk 01:28:52]} {[%emt 00:02:22]} 6. exd5 {[%clk 01:12:54]} {[%emt
00:05:05]} exd5 {[%clk 01:27:37]} {[%emt 00:01:45]} 7. Ngf3 {[%clk 01:12:44]}
{[%emt 00:00:40]} Nf6 {[%clk 01:26:42]} {[%emt 00:01:25]} 8. O-O {[%clk
01:12:35]} {[%emt 00:00:39]} O-O {[%clk 01:27:05]} {[%emt 00:00:07]} 9. Nb3
{[%clk 01:12:15]} {[%emt 00:00:50]} Be7 {[%clk 01:26:50]} {[%emt 00:00:45]} 10.
h3 {[%clk 01:08:48]} {[%emt 00:03:57]} Nc6 {[%clk 01:24:27]} {[%emt 00:02:53]}
11. Re1 {[%clk 01:05:42]} {[%emt 00:03:35]} Qc7 {[%clk 01:14:32]} {[%emt
00:10:26]} 12. c3 {[%clk 01:04:47]} {[%emt 00:01:24]} Re8 {[%clk 01:09:52]}
{[%emt 00:05:10]} 13. Bg5 {[%clk 00:59:11]} {[%emt 00:06:06]} Bd7 {[%clk
01:05:11]} {[%emt 00:05:12]} 14. Bc2 {[%clk 00:54:58]} {[%emt 00:04:42]} Be6
{[%clk 00:52:28]} {[%emt 00:13:13]} 15. Nbd4 {[%clk 00:41:54]} {[%emt
00:13:34]} Qd7 {[%clk 00:32:28]} {[%emt 00:20:30]} 16. Qd3 {[%clk 00:24:25]}
{[%emt 00:17:59]} Nxd4 {[%clk 00:24:54]} {[%emt 00:08:04]} 17. Nxd4 {[%clk
00:23:05]} {[%emt 00:01:50]} Ne4 {[%clk 00:22:34]} {[%emt 00:02:51]} 18. Nxe6
{[%clk 00:18:49]} {[%emt 00:04:46]} Qxe6 {[%clk 00:14:33]} {[%emt 00:08:31]}
19. Bxe7 {[%clk 00:18:54]} {[%emt 00:00:25]} Rxe7 {[%clk 00:13:35]} {[%emt
00:01:28]} 20. f3 {[%clk 00:16:23]} {[%emt 00:03:01]} Qb6+ {[%clk 00:13:16]}
{[%emt 00:00:49]} 21. Qe3 {[%clk 00:14:09]} {[%emt 00:02:44]} Qxb2 {[%clk
00:10:54]} {[%emt 00:02:52]} 22. Bb3 {[%clk 00:12:53]} {[%emt 00:01:46]} Rae8
{[%clk 00:07:35]} {[%emt 00:03:49]} 23. fxe4 {[%clk 00:12:04]} {[%emt
00:01:18]} dxe4 {[%clk 00:04:29]} {[%emt 00:03:37]} 24. Rad1 {[%clk 00:11:12]}
{[%emt 00:01:22]} Kh8 {[%clk 00:02:05]} {[%emt 00:02:55]} 25. Qc5 {[%clk
00:08:27]} {[%emt 00:03:14]} Re5 {[%clk 00:01:30]} {[%emt 00:01:04]} 26. Qxe5
{[%clk 00:08:43]} {[%emt 00:00:15]} 1-0